000 00771nam a2200205Ii 4500
003 JO-AjNU
008 230605s9999||||xx |||||||||||||| ||und||
040 _aJO-AjNU
_bara
_erda
_cJO-AjNU
041 _aara
050 1 4 _aLC149 1985
100 3 _aنمر،كمال كامل عبدالحميد,
_eauthor
_915292
245 0 0 _aدور الجمعيات النسائية في مكافحة الأمية
250 _aط1
264 3 1 _aعمان:مؤسسة الشرق للعلاقات العامة والنشر والترجمة،1985
300 _a230ص
336 _atext
_btxt
_2rdacontent
337 _aunmediated
_bn
_2rdamedia
338 _avolume
_bnc
_2rdacarrier
650 4 _aالتعليم-مكافحة الأمية-الجمعيات النسائية-الأردن
_915293
999 _aA4283
_c7851
_d7851